| 000 | 00733nam a22002417a 4500 | ||
|---|---|---|---|
| 082 |
_a515.15 _bGOO |
||
| 100 |
_aAW GOODMAJ _939264 |
||
| 245 | _aAnalytic geometry and the calculus | ||
| 250 | _a3rd ed | ||
| 260 |
_aLondom _bMacmillan |
||
| 300 |
_axxii, 919, p: _c50cm |
||
| 526 |
_a0 _b0 _c0 _d515_150000000000000_GOO |
||
| 526 |
_a0 _b0 _c0 _d515_150000000000000_GOO |
||
| 526 |
_a0 _b0 _c0 _d515_150000000000000_GOO |
||
| 526 |
_a0 _b0 _c0 _d515_150000000000000_GOO |
||
| 526 |
_a0 _b0 _c0 _d515_150000000000000_GOO |
||
| 526 |
_a0 _b0 _c0 _d515_150000000000000_GOO |
||
| 526 |
_a0 _b0 _c0 _d515_150000000000000_GOO |
||
| 526 |
_a0 _b0 _c0 _d515_150000000000000_GOO |
||
| 650 | _aMathematics | ||
| 650 |
_aMCE _9379 |
||
| 942 |
_2ddc _cBK |
||
| 999 |
_c543772 _d543772 |
||